| 000 | 00815cab a2200229 4500 | ||
|---|---|---|---|
| 001 | ABS53702 | ||
| 008 | 090401t1995 xxu||||| |||| 00| 0 eng d | ||
| 035 | _a(Sirsi) u6042 | ||
| 041 | _aeng | ||
| 100 | _aHardware, M.E. | ||
| 245 | _aGas air conditioning: a new force in the energy market | ||
| 260 | _c1995 | ||
| 350 | _a0 | ||
| 490 |
_aValuer (ISVA) _v64(9) November 1995, 13(1) |
||
| 520 | _aConsiders the UK market for gas air conditioning systems following sucessful introduction in both Japan and the United States. | ||
| 650 | _aBUILT ENVIRONMENT-BUILDING ELEMENTS-COMPLETE BUILDING SERVICES ELEMENTS-COMPLETE HEATING, VENTILATION AND AIR CONDITIONING SYSTEMS | ||
| 650 | _aGAS AIR CONDITIONING | ||
| 650 | _aVENTILATION | ||
| 690 |
_aBlock management _96220 |
||
| 942 | _n0 | ||
| 948 | _c04/03/1997 | ||
| 999 |
_c3621 _d3621 |
||